| 000 | 00594nam a2200217Ii 4500 | ||
|---|---|---|---|
| 003 | JO-AjNU | ||
| 008 | 230606s9999||||xx |||||||||||||| ||und|| | ||
| 020 | _a978-81-315-0907-4 | ||
| 040 |
_aJO-AjNU _beng _erda _cJO-AjNU |
||
| 041 | _aeng | ||
| 050 | 1 | 4 | _aQA76.758.2007 |
| 100 | 3 |
_aSchwalbe,Kathy, _eauthor _91157 |
|
| 245 | 0 | 0 | _aProject Management in IT |
| 250 | _aINDIA ed | ||
| 264 | 3 | 1 | _aCENAAGE LEARNING,2007 |
| 300 | _a456p | ||
| 336 |
_atext _btxt _2rdacontent |
||
| 337 |
_aunmediated _bn _2rdamedia |
||
| 338 |
_avolume _bnc _2rdacarrier |
||
| 650 | 4 |
_aProject Management in it _91158 |
|
| 999 |
_aE607 _c607 _d607 |
||